Výsledky hlasovania vo voľbách do Európskeho parlamentu výsledky hlasovania podľa obcí : [Voľby do Európskeho parlamentu 6. júna 2009]

Podrobná bibliografia
Médium: Kniha
Jazyk:slovenčina
Fyzický popis:202 s. tab. 30 cm
Vydavateľské údaje: Bratislava Štatistický úrad Slovenskej republiky 2009
Predmet:

MARC

LEADER 00000cam a2200000 a 4500
001 vtls009844601
003 SK-MaSNL
005 20260426002355.0
008 151112s2009 xo l f 000 0 slo
015 |a SNBA2009/09-04726 
035 |a (SVKBBclas03)vtls000312280 
035 |a urn:nbn:sk:snk-amjwaq 
035 |a urn:nbn:sk:snk-am0086kk 
035 |a ACB61515-C600-402E-9741-176E04471293 
040 |a SNK  |b slo  |c SNK  |e AACR2 
041 0 |a slo 
044 |a xo 
072 7 |a 324  |x Voľby, volebné kampane, referendá  |2 konspekt 
080 |a 324:342.53  |2 2001 
080 |a (437.6)  |2 2001 
080 |a (048.8:083.41)  |2 2001 
245 0 0 |a Výsledky hlasovania vo voľbách do Európskeho parlamentu  |b výsledky hlasovania podľa obcí : [Voľby do Európskeho parlamentu 6. júna 2009] 
246 3 4 |a Voľby do Európskeho parlamentu 6. júna 2009 
260 |a Bratislava  |b Štatistický úrad Slovenskej republiky  |c 2009 
300 |a 202 s.  |b tab.  |c 30 cm 
610 2 7 |a Európsky parlament  |2 SNKPH  |9 29808 
648 7 |a 2009  |2 SNKPH  |9 320114 
650 0 7 |a parlamentné voľby  |2 SNKPH  |9 1623 
651 7 |a Slovensko  |2 SNKPH  |9 14231 
651 7 |a Európa  |2 SNKPH  |9 167569 
655 7 |a štatistické prehľady  |2 SNKPH  |9 70689 
968 |d 32 
999 |c 917432  |d 919362 
952 |a SNK  |b SNK  |y PREZ  |7 0  |p 17A0628532  |o snkSB 78144  |i snk2009/14917  |8 0  |0 0  |1 0  |4 0  |d 2009-08-13  |f 1  |l 0  |r 2025-04-28 00:00:00  |w 2026-02-24 
952 |a SNK  |b SNK  |y VYP  |7 0  |p 17A0628533  |o snkSB 78144 D1  |i snk2009/14918  |8 0  |0 0  |1 0  |4 0  |d 2009-08-13  |l 0  |r 2016-06-30 00:00:00  |w 2026-02-24